| 000 | 01552cim a22004093a 4500 | ||
|---|---|---|---|
| 999 | _c58658 | ||
| 001 | 11412227 | ||
| 003 | LIBRIS | ||
| 005 | 20210927124314.0 | ||
| 007 | sd ||||||||||| | ||
| 008 | 090421s2004 sw | |||||||||| | swe|c | ||
| 020 | _a9170360200 | ||
| 035 | _a(Mo)b1525796 | ||
| 040 |
_aMo _ea |
||
| 041 | 1 |
_aswe _heng |
|
| 082 | 0 | 4 |
_a823 _222 (machine generated) |
| 084 |
_aHcee.01/LC _2kssb/8 |
||
| 100 | 1 |
_aPelecanos, George P. _0https://libris.kb.se/c9ps02vw3w16tzb#it |
|
| 240 | 1 | 0 |
_aRight as rain _lSvenska |
| 245 | 1 | 0 |
_aRen som snö _h[Ljudbok (CD)] / _cGeorge P. Pelecanos. |
| 264 | 1 |
_aStockholm : _bStoryside, _ccop. 2004 |
|
| 300 | _a10 CD, 11 tim. | ||
| 511 | 1 | _aInläsning: Stefan Sauk | |
| 653 | _aSkönlitteratur | ||
| 653 | _aSpänning | ||
| 700 | 1 |
_aSauk, Stefan _4oth |
|
| 887 |
_a{"@id":"7rkk97sk39fd56z","modified":"2018-02-28T13:18:40+01:00","checksum":"59047953669"} _2librisxl |
||
| 887 |
_a{"@id":"8dl8c79f5nnx0zf","modified":"2014-08-25T11:59:35+02:00","checksum":"66439695293"} _2librisxl |
||
| 887 |
_a{"@id":"59jbvgkb0d28mgx","modified":"2015-06-22T10:28:21+02:00","checksum":"62183740829"} _2librisxl |
||
| 887 |
_a{"@id":"bgnpkz6h1vh36pt","modified":"2018-02-28T13:18:51+01:00","checksum":"57764762412"} _2librisxl |
||
| 942 |
_2z _cAUDIOBOOK |
||